000 00602nam a22002057a 4500
999 _c16762
_d16762
003 AR-CdUCM
008 190328b ||||| |||| 00| 0 spa d
040 _aMUNICIPALIDAD PROVINCIAL DEL CUSCO
_cBIBLIOTECA MUNICIPAL DEL CUSCO
082 _a869.56 /
_bG25
100 _aFederico ,Garcia H.
_926026
245 _aLagrima Blanca :
_bY otros poemas /
260 _aCusco :
300 _a91 páginas ;
_c19 cm.
500 _aPoemas.
650 _aPoesia Cusqueña
_92323
650 _aPoesia Peruana
_9280
650 _aPoesia Latinoamericana
_92147
942 _2ddc
_cLIBROS
945 _arum
_d2019-05-06